| 000 | 01516nam0a22002411 4500 | ||
|---|---|---|---|
| 001 | rc\1100855 | ||
| 005 | 20260407144921.0 | ||
| 035 | _a(NLR Aleph) 006346339 | ||
| 090 |
_a4754365 _c4754365 |
||
| 100 | _a20041126d1983 |||y0rusy50 ca | ||
| 101 | 0 | _arus | |
| 102 | _aRU | ||
| 105 | _ay ||||||||| | ||
| 200 | 1 |
_aНормативы на оборудование, инструмент, приспособления и инвентарь для оснащения учебно-производственных мастерских в профессионально-технических учебных заведениях и для профессионального обучения рабочих на производстве по подготовке слесарей-монтажников по оборудованию зернохранилищ и предприятий по промышленной переработке зерна (4-57) _e[Утв. Гос. ком. СССР по проф.-техн. образованию 06.04.82] |
|
| 210 |
_aМ. _cБ. и. _d1983 |
||
| 215 |
_a40 с. _d20 |
||
| 300 | _aВ надзаг.: ... Всесоюз. науч.-метод. центр. проф.-техн. обучения молодежи | ||
| 712 | 0 | 1 |
_aСССР _bКомитет по профессионально-техническому образованию _9539198 _3RU\NLR\AUTH\8810020607 |
| 801 | 0 |
_aRU _bNLR _gpsbo |
|
| 801 | 1 |
_aRU _bELAR _2rusmarc |
|
| 852 |
_aNLR _j83-4/31053 |
||
| 942 | _cBOOK | ||
| 980 | _aNB | ||